000 00388nam a2200157Ia 4500
008 230718s9999 xx 000 0 und d
041 _aeng
082 _a650.1
_bSUM
100 _aSummers H
_9127199
245 _aBook Of Luck
260 _c2005
_bCapstone
300 _a240
365 _cRs.
_b683.00
700 _aSummers H & Watson A
_9188771
906 _d4602/25.07.2005
_cOTH
_b136.6
999 _c310831
_d310831